El conocimiento de los profesores : una propuesta formativa en el área de ciencias /

Na minha lista:
Detalhes bibliográficos
Autor principal: Porlán Ariza, Rafael (autor)
Outros Autores: Rivero, Ana (autor) (autor)
Formato: Livro
Idioma:espanhol
Publicado em: Sevilla, España : Díada, 1998, c1998
Colecção:(Investigación y Enseñanza. Fundamentos ; 9)
Assuntos:
Tags: Adicionar Tag
Sem tags, seja o primeiro a adicionar uma tag!

MARC

LEADER 00000nam^a2200000^a^4500
001 000194655
005 20250521000000.0
009 20260310102725.455
020 |a 84-87118-75-5 
037 |a Acervo ITESO - Biblioteca 
041 |a ESP 
082 |a 371. 12  |b POR 
100 |a Porlán Ariza, Rafael  |e (autor) 
245 1 3 |a El conocimiento de los profesores :  |b una propuesta formativa en el área de ciencias /  |c R. Porlán Ariza, A. Rivero. 
264 4 |a Sevilla, España :  |b Díada,  |c 1998, c1998 
300 |a 213 p. 
336 |a texto  |b txt  |2 rdacontenido 
337 |a sin mediación  |b n  |2 rdamedio 
338 |a volumen  |b nc  |2 rdasoporte 
440 1 |a (Investigación y Enseñanza.  |p Fundamentos ;  |v 9) 
649 |a XX 
650 |a Formación y Capacitación de Profesores -  |x Tema Principal 
650 |a Docencia 
650 |a Desarrollo Profesional 
650 |a Práctica Educativa 
650 |a Proceso Educativo 
650 |a Ciencia -  |x Estudio y Enseñanza -  |x Tema Principal 
650 |a Educación 
700 |a Rivero, Ana  |e (autor) 
910 |a Fondo General 
920 |a Impresos - Libros 
930 |a Colección General 
905 |a 101 
901 |a 0500139830  |b IT1  |c ACC  |u 20250521 
902 |a https://opac.biblio.iteso.mx/vufind/Record/000194655